000 00521nam a2200205Ia 4500
008 170918s9999 xx 000 0 und d
020 _a9780439566575
050 _bP545 2002
100 _aPhilbrick, Nathaniel
245 _aRevenge of the whale :
245 _bthe true story of the whaleship Essex /
245 _cNathaniel Philbrick.
260 _aNew York :
260 _bScholastic,
260 _c2002
300 _a164 pages :
300 _bcolored illustration ;
300 _c23cm.
500 _a1170
999 _c341981
_d341981